| 000 | 01965nam a22002777a 4500 | ||
|---|---|---|---|
| 001 | 6279 | ||
| 003 | FISKH | ||
| 005 | 20250530110315.0 | ||
| 008 | 250408b cb ||||| |||| 00| 0 eng d | ||
| 020 | _a9789995054618 | ||
| 040 |
_aFISKH _bkhr _cFISKH _dFISKH |
||
| 050 | _aPZ7 | ||
| 082 | _a577.63 | ||
| 100 | _aMengchheang, Sunheng | ||
| 245 |
_aជីវិតជុំវិញបឺងទន្លេសាប : _bវិស្សមកាលលើបឺងទន្លេសាប រឿងដែលនាំប្អូនកម្សាន្តតាមទឺក / _cនិពន្ធដោយ ស៊ុនហេង ម៉េងឈាង |
||
| 260 |
_aPhnom Penh : _bSipar , _c2011. |
||
| 300 |
_a40 pages : _bcolor illustrations, maps ; _c20 cm . |
||
| 490 | _aខ្ញុំចង់ដឺង | ||
| 520 | _aជីវិតជុំវិញទន្លេសាបផ្តល់ព័ត៌មានអំពីរបៀបរស់នៅរបស់ប្រជាជនក្នុងខេត្ត និងរាជធានីជុំវិញទន្លេសាប ដូចជា៖ ភ្នំពេញ កំពង់ឆ្នាំង ពោធិសាត់ បាត់ដំបង ប៉ៃលិន សៀមរាប កំពង់ធំ ព្រះវិហារ បន្ទាយមានជ័យ និងប្រទេសថៃ ដែលជាប្រទេសជិតខាងរបស់យើង។ | ||
| 520 | _aLife around Tonlesap provides information of how people live in the provinces and capital city around Tonlesap such as: Phnom Penh, Kampong Chnang, Pursat, Battambong, Pailin, Siem Reap, Kampong Thom, Preah Vihear, Banteay Meanchey and Thailand, our neighbouring country. | ||
| 650 |
_aការរស់នៅ _vធម្មជាតិ _xបឺងទន្លេសាប |
||
| 650 |
_aLive _vNature _xTonlesap |
||
| 700 |
_aSethi, Hok _ePublisher |
||
| 942 |
_2ddc _cBK _n0 |
||
| 999 |
_c6279 _d6279 |
||